Word Ladder: Primates Quiz Stats

 Plays Quiz Updated Aug 6, 2014

Support Sporcle.
Go Orange.
Score 0/23 Timer 02:00
1 Play Today
Hint Answer % Correct
Tone of bell or phoneRING
96.6%
Arena that hosts winter sportsRINK
93.7%
Versions include 'floppy' and 'hard'DISK
92.7%
Military vehicleTANK
92.1%
Didn't floatSANK
91.6%
Territories of this game include Yakutsk and CongoRISK
88.6%
Breathing organLUNG
86.4%
Drive a car in the fast or slow oneLANE
85.4%
'Sultans of Swing' artist ____ StraitsDIRE
85.2%
Nowitzki of the Dallas MavericksDIRK
84.3%
❈Chimp activist Goodall❈JANE
83%
Moon, to the FrenchLUNE
82.6%
Hint Answer % Correct
An Istanbul citizenTURK
81.5%
Green precious stoneJADE
81.4%
Pre-euro Italian currencyLIRE
80.2%
To attract or appealLURE
77.9%
❈Precedes Louie or final rung❈KING
77.8%
Skulk in the darknessLURK
77.2%
All calm and collectedSANE
77.1%
❈Follows Donkey or first rung❈KONG
73.8%
Singer of 'Smooth Operator'SADE
73.8%
Expanding over a great distanceLONG
73.1%
Towel-chewing UNLV basketball coach, for shortTARK
72.8%

Today's Daily Dose

You're not logged in!

Compare scores with friends on all Sporcle quizzes.
OR
Log In

From the Vault

Best Picture Winners: 1960s

by mhershfield

Ten years, ten best pictures. And here we thought there could only be one 'best'.
Remove Ads.
Support Sporcle.
Get the best of Sporcle when you Go Orange. This ad-free experience offers more features, more stats, and more fun while also helping to support Sporcle. Thank you for becoming a member.

Show Comments

Extras

Top Quizzes Today


Score Distribution

Your Account Isn't Verified!

In order to create a playlist on Sporcle, you need to verify the email address you used during registration. Go to your Sporcle Settings to finish the process.

Report this User

Report this user for behavior that violates our Community Guidelines.

Details: